000 00754nam a2200289Ia 4500
005 20260324132248.0
008 008 260324s9999 xx 000 0 eng d
020 _a9780203505694
037 _aEBOOK
040 _aCRL
040 _beng
040 _cCRL
041 _2eng
041 _aeng
084 _qCRL
100 _aKwame Botwe-Asamoah
_91188611
245 0 _aKwame Nkrumah's Politico-Cultural Thought and Politics
245 3 _bAn African-Centered Paradigm for the Second Phase of the African Revolution
260 _bTaylor and Francis
260 _c2005
365 _a
365 _b230
856 _uhttp://www.taylorfrancis.com/books/9780203505694
942 _cEBOOK
999 _c1786579
_d1786579